|
|
|
|
| LEADER |
00718nam a2200181 a 4500 |
| 008 |
090621s1996 ii b 001 0 eng d |
| 020 |
|
|
|a 8171008240
|
| 100 |
1 |
|
|a Uppal, Yudhvir.
|
| 245 |
1 |
0 |
|a Economics and management of small enterprises /
|c Yudhvir Uppal.
|
| 082 |
0 |
0 |
|a 658.02/2
|2 21
|
| 260 |
|
|
|a New Delhi:
|b Deep & Deep Publications,
|c 1996.
|
| 300 |
|
|
|a ix, 224 p. : ill. ;
|c 22 cm.
|
| 650 |
|
0 |
|a Small business -- Economic aspects.
|
| 650 |
|
0 |
|a Small business -- Management
|
| 541 |
1 |
|
|e 00011581
|
| 852 |
4 |
|
|a Ayesha Abed Library
|j General Shelf.
|
| 999 |
|
|
|c 1822
|d 1822
|
| 952 |
|
|
|0 0
|1 0
|2 ddc
|4 0
|6 658_022000000000000_UPP
|7 0
|9 1670
|a BRACUL
|b BRACUL
|c GEN
|d 2009-06-29
|g 455.00
|l 0
|o 658.022 UPP
|p 3010011581
|r 2009-06-29
|t 1
|w 2009-06-29
|y BK
|